000 00303nam a2200097Ia 4500
008 220204s9999 xx 000 0 und d
082 _a641:061
_bPRO
245 0 _aProceedings of the association of food technologists for 1963. V 4
260 _aMysore
_bAssociation of Food technologists
_c1963
942 _cBK
999 _c22286
_d22286